Segregación por género en la estructura ocupacional de Costa Rica /
Subpoblaciones y minorías. Parte IV
Gardado en:
| Autor Principal: | |
|---|---|
| Autor Corporativo: | |
| Formato: | Procedimiento de la Conferencia |
| Acceso en liña: | http://populi.eest.ucr.ac.cr |
| Etiquetas: |
Engadir etiqueta
Sen Etiquetas, Sexa o primeiro en etiquetar este rexistro!
|
MARC
| LEADER | 00000 a a2200000 04500 | ||
|---|---|---|---|
| 001 | 44978 | ||
| 003 | |||
| 040 | |||
| 100 | |a Ramos Vargas, Pilar | ||
| 245 | |a Segregación por género en la estructura ocupacional de Costa Rica / |c Pilar Ramos Vargas | ||
| 520 | |a Subpoblaciones y minorías. Parte IV | ||
| 711 | |a Simposio Costa Rica a la luz del Censo del 2000 (5-6 de agosto del 2002) | ||
| 773 | |g páginas 427-459 | ||
| 856 | |u http://populi.eest.ucr.ac.cr | ||
| 999 | |c 27063 |d 27063 | ||
